00974nam a2200241 a 4500001001000000003000900010005001700019007000300036008004100039040002500080082000700105111008300112245005500195260006400250300002000314490006900334490001700403830008100420942001400501952009700515952010300612999001700715000030917DO-SdBNP20250922132930.0ta110606s1984 dr 000 0 spa d aDO-SdBNPbspacBNPHU 42222 aCongreso internacional de ALFALd(1984:cSanto Domingon21 septiembre )95743610aDiscurso del rector Fernando Sánchez Martínez. aSanto Domingo :bUniversidad Autónoma de Santo,c[1984.]. a10 p. ;c22 cm.1 aPublicaciones de la Universidad Autónoma de Santo Domingov3411 aDiscursosv4 0aPubicaciones de la Universidad Autónoma de Santov341957434pDiscursosn4 2ddccLBS1 00102ddc51708PDaBNPHUbBNPHUcCTd2011-06-06o p30917-10r2020-06-25w2020-06-25yLBS1 00102ddc51708PDaBNPHUbBNPHUcCTd2011-06-06o p30917-20r2020-06-25te. 2w2020-06-25yLBS1 c30409d30409